Początki Polski : z diejów Słowian u 1 tysiacleciu n. e. 3 /
Uložené v:
| Hlavný autor: | |
|---|---|
| Médium: | Kniha |
| Jazyk: | Polish |
| Vydané: |
Warszawa :
Państwowe Wydawnictvo Naukowe,
1967.
|
| Vydanie: | 1. wyd. |
| ISBN: |
(viaz.) |
| Fyzický popis: |
519 s. |
| Tagy: |
Pridať tag
Žiadne tagy, Buďte prvý kto otaguje tento záznam!
|
Titul je dostupný aj v ... 

MARC
| LEADER | 00000nam a2200000 a 4500 | ||
|---|---|---|---|
| 001 | 000282971 | ||
| 005 | 20160626200745.0 | ||
| 008 | 061110s1967 pl e 000 0 pol d | ||
| 020 | |a (viaz.) |c Kčs 64,40 | ||
| 040 | |a SVKKK |b slo |c SVKKK |e AACR2 | ||
| 041 | 0 | |a pol | |
| 044 | |a pl |c PL | ||
| 100 | 1 | |a Łowmiański, Henryk | |
| 245 | 1 | 0 | |a Początki Polski : |b z diejów Słowian u 1 tysiacleciu n. e. |n 3 / |c Henryk Łowmiański. |
| 250 | |a 1. wyd. | ||
| 260 | |a Warszawa : |b Państwowe Wydawnictvo Naukowe, |c 1967. | ||
| 300 | |a 519 s. | ||
| 910 | |a svkkk | ||
| 998 | |a BK | ||
| 090 | |g SCKHL |k Sklad Pribinova 1. posch. |a IV.41212 |j 400114 |i B83332 |s Absenčne | ||